000 00522nam a2200205Ia 4500
003 GCL
008 140319s9999 xx 000 0 eng d
040 _aGCL /
_cGCL
082 0 4 _a005.1
_bV L
100 1 _aVAISER, DIDIER
245 1 0 _aLANGUAGE OBJECTS FACILE /
_cVAISER, DIDIER
260 _a[S.N] :
_bMARABOUT UNIVERSITE ،
_c1991
300 _a190 P
490 _aMARABOUT
_v0
650 0 4 _aCOMPUTER SOFTWARE
650 0 4 _aPROGRAMMING
650 0 4 _aTURBO PASCAL
650 0 4 _aCOMPUTER PROGRM
942 _2ddc
_cBK
999 _c22862
_d22862